Games that include Yoshi - Statistics

General Stats
  • This quiz has been taken 42 times
  • The average score is 5 of 21
Answer Stats
Answer % Correct
Yoshi's Island
78%
Super Mario World
72%
Yoshi's Story
47%
New Super Mario Bros Wii
41%
Super Mario 64
34%
Yoshi's Crafted World
34%
Yoshi's Wooly World
34%
New Super Mario Bros U
28%
Yoshi's New Island
25%
Mario Kart Wii
19%
Mario Kart 8
16%
Mario Party 8
16%
Super Mario 64 DS
16%
Mario Kart DS
13%
Mario Party 10
13%
Mario Party 9
13%
Super Smash Bros Ultimate
9%
Super Smash Bros 3DS
6%
Super Smash Bros Wii-U
6%
Mario Kart 8 Deluxe
3%
Mario Party DS
3%
No matching quizzes found
Score Distribution
Percent of People with Each Score
Percentile by Number Answered
Your Score History
You have not taken this quiz